| 000 | 00647nam a2200217 4500 | ||
|---|---|---|---|
| 001 | 00028698 | ||
| 005 | 20260406085155.0 | ||
| 008 | 260406b ag ||||| |||| 00| 0 spa d | ||
| 020 | _a9501241718 | ||
| 040 |
_bspa _aAR-CcCEOS _cAR-CcCEOS |
||
| 041 | _aspa | ||
| 080 | _a159 | ||
| 090 | _bSIN | ||
| 100 | 1 |
_aSinay Millonschik, Cecilia, _d1942- _91013 |
|
| 245 |
_aEl psicoanalisis, esa conjetura : _bEl humano suplicio de interpretar / _cCecilia Sinay Millonschik |
||
| 250 | _a1ª ed. | ||
| 264 |
_aBuenos Aires : _bPaidos, _cc1993. |
||
| 300 |
_a184 p. ; _c24x15 cm. |
||
| 655 | 0 |
_apsicología _vpsiconoanalisis _9124 |
|
| 942 |
_2udc _n0 _cBK |
||
| 999 |
_c28731 _d28731 |
||